| 000 | 005970000a22001570004500 | ||
|---|---|---|---|
| 008 | 110202t xxu||||| |||| 00| 0 eng d | ||
| 082 | _a27262 | ||
| 090 |
_c27262 _d27262 |
||
| 100 |
_aBabirye, Margaret _947073 |
||
| 245 |
_aThe approaches to and importance of budgeting in not-for- profit organizations : _bsharing youth centre nsambya-kampala / _cBabirye Margaret |
||
| 260 |
_aNkozi : _bUganda Martrys University, _c 2003 |
||
| 300 |
_avii, 45 p. ; _c 30 cm. |
||
| 500 | _aBusiness administration and management | ||
| 650 |
_aBudgeting-not for profit organizations _947074 |
||
| 942 |
_cDISS _2ddc |
||
| 999 |
_c27262 _d27262 |
||